| 000 | 00851nam a22001817a 4500 | ||
|---|---|---|---|
| 005 | 20240730121719.0 | ||
| 010 | _aHIN-127887 | ||
| 020 |
_c325.00 _a9789353516260 |
||
| 035 | _aHN-100233 | ||
| 037 | _bDBAD | ||
| 082 | _a470.95413 | ||
| 100 |
_aजलंधरी, बिहारीलाल _969089 |
||
| 245 |
_aउत्तराखण्डी भाषाओं का तुलनात्मक अध्ययन : _bगढ़वाली कुमाउनी पर केन्द्रित/ _cबिहारीलाल जलंधरी |
||
| 260 |
_aदिल्ली _bमयंक ऑफसेट _c2012 |
||
| 270 |
_aडी-234/10, लक्ष्मीनगर _bदिल्ली _e110092 |
||
| 300 |
_a184पृ. _c22 सेमी. (सजिल्द) |
||
| 942 |
_2ddc _cHN _h470.95413 _mजलंध |
||
| 999 |
_c203863 _d203863 |
||